Nostalgia and Hope: Intersections between Politics of Culture, Welfare, and Migration in Europe (Record no. 18771)

MARC details
000 -LEADER
fixed length control field 00961nam a2200121Ia 4500
008 - FIXED-LENGTH DATA ELEMENTS--GENERAL INFORMATION
fixed length control field 220615s9999||||xx |||||||||||||| ||und||
245 #0 - TITLE STATEMENT
Title Nostalgia and Hope: Intersections between Politics of Culture, Welfare, and Migration in Europe
546 ## - LANGUAGE NOTE
Language note English[eng]
650 ## - SUBJECT ADDED ENTRY--TOPICAL TERM
Topical term or geographic name entry element Migration||Political Science||Sociology of Migration||Open access||Migration and integration||Populism and radical right parties||Welfare and culture||Nexus of welfare, economy, and culture||Welfare and national identity||Diversity||Social movements||Party politics||Homeland and identity||Immigration||(In)equality||Politics of migration||Welfare politics||National identity||Politics of intersectional hope||Migration, immigration & emigration||Political science & theory
700 ## - ADDED ENTRY--PERSONAL NAME
Personal name Norocel, Ov Cristian||Hellström, Anders||Jørgensen, Martin Bak
856 ## - ELECTRONIC LOCATION AND ACCESS
Uniform Resource Identifier <a href="https://library.oapen.org/bitstream/20.500.12657/39537/1/2020_Book_NostalgiaAndHopeIntersectionsB.pdf">https://library.oapen.org/bitstream/20.500.12657/39537/1/2020_Book_NostalgiaAndHopeIntersectionsB.pdf</a>
942 ## - ADDED ENTRY ELEMENTS (KOHA)
Koha item type E-Books
Holdings
Withdrawn status Lost status Damaged status Not for loan Home library Current library Date acquired Total Checkouts Date last seen Price effective from Koha item type
        Kerala University of Digital Sciences, Innovation and Technology Knowledge Centre Kerala University of Digital Sciences, Innovation and Technology Knowledge Centre 15/06/2022   15/06/2022 15/06/2022 E-Books